000 00436cam a2200169ua 4500
020 _c1.75
041 _amal
_h
082 _a894.81209
_bGUP/AA
100 _aGuptan nair, M.A .
245 _aAadhunika Sahithyam /
_cM.A.Guptan nair.
_hTextual Documents
260 _aKottayam :
_bSahitya Pravarthaka Co-operative Society ,
_c1963.
300 _a132 ; .
365 _a1.75
504 _a
942 _cBK
999 _c1014
_d1014